000 00822nam a2200241 a 4500
001 76727
003 BD-RJUL
005 20211209082858.0
008 200114s1964 enk 001 0 eng d
035 _a(BD-RjUL)76951
040 _aBD-RjUL
_beng
_cBD-RjUL
041 _aeng
082 _a821.04
_bPAG 1964
_219
100 1 _aPalgrave, Francis Turner,
_d1824-1897.
_955352
245 1 4 _aThe golden treasury :
_bof the best songs and lyrical poems in the English language /
_c selected and arranged by Francis T. Palgrave ; with a fifth book selected, by John Press
250 _a5th ed.
260 _aLondon :
_bOxford University press,
_c1964
300 _a xxi, 615 p. ;
_c22 cm.
504 _aIncludes index of first lines.
650 _aEnglish Poetry
_9237565
700 _aPress, John
_9237567
942 _2ddc
_cBK
999 _c76727
_d76727